000 01049naa a22003137a 4500
001 BR7805150
003 BR-BrBNA
005 20240918174200.0
007 ta
008 230509b bl.||||| |||| 00| 0 por d
040 _aBR-BrBNA
_bpor
_cBiblioteca Nacional de Agricultura
041 _a(Pt)
072 _aF00
_b0930
_bG514
090 _aF00 BR7805150
100 1 _aSouza, M. de
100 1 _aChalfun, N.N.J.
100 1 _aPadua, T. de
100 1 _aLeite, M.M.
245 1 _aColecao de variedades de figueira [Ficus carica, pratica cultural, Minas Gerais, Brasil]
260 3 _aBelo Horizonte, MG (Brasil):
_c1978.
500 _aProjeto fruticultura. Relatorio 1974/77 Belo Horizonte, MG (Brasil): 1978. p. 162-163 (BR7805150-AM)F00
650 _aFIGO
650 _aMELHORAMENTO VEGETAL
650 _aPRATICA CULTURAL
650 _aMINAS GERAIS
773 0 _tProjeto fruticultura. Relatorio 1974/77
_wF00 BR7805150
_gBelo Horizonte, MG (Brasil), 1978. p. 162-163
909 _a202404
_bLucia
_c55
_dLucia Elande
942 _cAM
_2AGRIS
999 _c309426
_d309426